000 00459nam a2200181Ia 4500
001 25421
005 20260414151149.0
008 260414t1983||||xx |||||||||||||| ||spa||
041 _aESP
082 _a346.5
_bP12
100 _aPeirano Facio, Jorge
_eAUT
245 0 _aObligaciones divisibles e indivisibles del código civil
_b
260 _c1983
300 _aix, 90 páginas :
_c17 cm.
650 _aDER
654 _aCDE
942 _cLIB
_dJUS
_fJUS
_2ddc
_n
999 _c25421
_d25421